Top 15 Countries with Covid-19 Deaths - 11 November - Statistics

General Stats
  • This quiz has been taken 23 times
  • The average score is 14 of 20
Answer Stats
country % Correct
United States
100%
France
96%
Brazil
91%
Russia
91%
United Kingdom
91%
India
83%
Italy
83%
Spain
83%
Mexico
78%
Argentina
70%
Colombia
65%
South Africa
61%
Belgium
57%
Chile
57%
Iran
52%
Peru
52%
Ecuador
43%
Indonesia
39%
Bolivia
35%
Panama
26%
No matching quizzes found
Score Distribution
Percent of People with Each Score
Percentile by Number Answered
Your Score History
You have not taken this quiz